00675nam a2200217 a 450000100060000000300090000600500170001500800410003202000150007304000280008804100130011604300180012908200170014710000170016424500850018126000540026630000210032049000530034165000270039470000360042126137CO-ViMGA20230915232148.0141112s2004 ck r 000 u spa d a8466629084 aCO-ViMGAbspacCO-ViMGA aspa eng an - us - - - 04a813.5 S76t41 aStone, Jeff.10aLas trampas del mono / cJeff Stone ; traducción de Enrique Sánchez Abulí. aBarcelona : bEdiciones B : bGrupo Zeta, c2006. a190 p. ; 21 cm. aLa escritura desatada. La saga de los ancestros14aNovela estadounidense.1 aSánchez Abulí, Enrique, tr.